书目信息 |
| 题名: |
土木工程施工技术
|
|
| 作者: | 王利文 , 张立群, 主编 | |
| 分册: | ||
| 出版信息: | 武汉 中国建材工业出版社 2007.02 |
|
| 页数: | 472页 | |
| 开本: | 26cm | |
| 丛书名: | 土木工程应用本科系列教材 | |
| 单 册: | ||
| 中图分类: | TU74 | |
| 科图分类: | ||
| 主题词: | 土木工程--tu mu gong cheng--工程施工--施工技术--高等学校--教材 | |
| 电子资源: | ||
| ISBN: | 978-7-80227-226-2 | |
| 000 | 01030nam 2200265 450 | |
| 001 | 012007207631 | |
| 005 | 20120407113008.28 | |
| 010 | @a978-7-80227-226-2@dCNY45.00 | |
| 100 | @a20070822d2007 km y0chiy0120 ea | |
| 101 | 0 | @achi |
| 102 | @aCN@b420000 | |
| 105 | @aa a 000yy | |
| 200 | 1 | @a土木工程施工技术@Atu mu gong cheng shi gong ji shu@f王利文, 张立群主编@Fwang li wen,zhang li qun zhu bian |
| 210 | @a武汉@c中国建材工业出版社@d2007.02 | |
| 215 | @a472页@c图@d26cm | |
| 225 | 2 | @a土木工程应用本科系列教材@Atu mu gong cheng ying yong ben ke xi lie jiao cai |
| 320 | @a有书目 (第472页)。 | |
| 330 | @a本书的主要内容包括:第一章土方工程、第二章地基与基础工程、第三章砌体工程、第四章混凝土结构工程、第五章预应力混凝土工程施工等。 | |
| 410 | 0 | @12001 @a土木工程应用本科系列教材 |
| 606 | 0 | @a土木工程@Atu mu gong cheng@x工程施工@x施工技术@x高等学校@j教材 |
| 690 | @aTU74@v4 | |
| 701 | 0 | @a王利文@Awang li wen@4主编 |
| 701 | 0 | @a张立群,@Azhang li qun@f1936- @4主编 |
| 801 | 0 | @aCN@c20070920 |
| 905 | @dTU74@eW267 | |
| 土木工程施工技术/王利文, 张立群主编.-武汉:中国建材工业出版社,2007.02 |
| 472页:图;26cm.-(土木工程应用本科系列教材) |
| ISBN 978-7-80227-226-2:CNY45.00 |
| 本书的主要内容包括:第一章土方工程、第二章地基与基础工程、第三章砌体工程、第四章混凝土结构工程、第五章预应力混凝土工程施工等。 |
| ● |
| 相关链接 |
|
|
|
正题名:土木工程施工技术
索取号:TU74/W267
 
预约/预借
| 序号 | 登录号 | 条形码 | 馆藏地/架位号 | 状态 | 备注 |
| 1 | 261601 | 202616017 | 建筑库201/201建筑库 108排1列1层/ [索取号:TU74/W267] | 在馆 | |
| 2 | 261602 | 202616026 | 建筑库201/201建筑库 108排1列1层/ [索取号:TU74/W267] | 在馆 | |
| 3 | 261603 | 202616035 | 建筑库201/ [索取号:TU74/W267] | 在馆 | |
| 4 | 485219 | 204852196 | 土木与交通工程学院资料室/ [索取号:TU74/W267] | 在馆 |